Library Banner

Seven choices : Taking the steps to new life after losing so (Record no. 15149)

MARC details
000 -LEADER
fixed length control field 00516nam a2200181Ia 4500
001 - CONTROL NUMBER
control field 14562
008 - FIXED-LENGTH DATA ELEMENTS--GENERAL INFORMATION
fixed length control field 140403s9999 xx 000 0 und d
020 ## - INTERNATIONAL STANDARD BOOK NUMBER
International Standard Book Number 0-517-57371-7
040 ## - CATALOGING SOURCE
Transcribing agency PK-LaUMT
082 ## - DEWEY DECIMAL CLASSIFICATION NUMBER
Classification number 155.937
Item number NEE-S
100 ## - MAIN ENTRY--PERSONAL NAME
Personal name Neeld, Elizabeth Harper
245 ## - TITLE STATEMENT
Title Seven choices : Taking the steps to new life after losing so
Statement of responsibility, etc Neeld, Elizabeth Harper
260 ## - PUBLICATION, DISTRIBUTION, ETC. (IMPRINT)
Place of publication, distribution, etc New York,USA:
Name of publisher, distributor, etc Clarkson N. Potter, Inc/Publishers,
Date of publication, distribution, etc 1990
300 ## - PHYSICAL DESCRIPTION
Extent 343 p.
546 ## - LANGUAGE NOTE
Language note EN
650 ## - SUBJECT ADDED ENTRY--TOPICAL TERM
Topical term or geographic name as entry element Adjustment
942 ## - ADDED ENTRY ELEMENTS (KOHA)
Koha item type Books
Holdings
Withdrawn status Lost status Damaged status Not for loan Home library Current library Date acquired Total Checkouts Full call number Barcode Date last seen Price effective from Koha item type
        UMT Main Campus UMT Main Campus 2014-04-03   155.937 NEE-S 16727 2014-04-22 2014-04-22 Books